[Event "Mukachevo IM May 2019"]
[Site "Mukachevo"]
[Date "2019.05.09"]
[Round "1.1"]
[White "Vachylia, Andrii"]
[Black "Tran, David"]
[Result "1-0"]
[WhiteElo "2285"]
[BlackElo "2070"]
[Annotator "NA"]
[PlyCount "75"]
[EventDate "2019.05.09"]
[EventType "tourn"]
[EventCountry "UKR"]
[SourceTitle "playchess.com"]
[Source "ChessBase"]
[SourceQuality "1"]
[TimeControl "40/5400+30:900+30"]

1. d4 {[%emt 0:00:00]} Nf6 {[%emt 0:00:00]} 2. c4 {[%emt 0:00:00]} g6 {[%emt 0:00:00]} 3. Nc3 {[%emt 0:00:00]} Bg7 {[%emt 0:00:00]} 4. e4 {[%emt 0:00:00]} d6 {[%emt 0:00:00]} 5. Nf3 {[%emt 0:00:02]} O-O {[%emt 0:00:23]} 6. h3 {[%emt 0:00:17]} c5 {[%emt 0:01:16]} 7. d5 {[%emt 0:00:11]} e6 {[%emt 0:01:43]} 8. Be2 {[%emt 0:00:28]} exd5 {[%emt 0:01:06]} 9. exd5 {[%emt 0:00:07]} Re8 {[%emt 0:01:39]} 10. O-O {[%emt 0:01:02]} Bf5 {[%emt 0:05:09]} 11. Bd3 {[%emt 0:20:29] E91: King's Indian: Classical: 6 Be2, unusual replies including 6...c5 and 6...Bg4} Ne4 {[%emt 0:07:32]} 12. Ne2 $146 {[%emt 0:00:19]} ({Predecessor:} 12. Nxe4 Bxe4 13. Bxe4 Rxe4 14. Qc2 Re8 15. Bf4 Qc7 16. Ng5 Nd7 17. Ne4 Ne5 18. Rae1 h6 {½-½ (44) Meier,G (2644)-Smirin,I (2644) Jerusalem 2017}) 12... h5 {[%emt 0:02:15]} 13. Qc2 {[%emt 0:01:15]} Nd7 {[%emt 0:05:18]} 14. a4 {[%emt 0:10:04]} Qf6 {[%emt 0:09:50]} 15. Ra3 {[%emt 0:01:42]} Ne5 {[%emt 0:01:42]} 16. Nxe5 {[%emt 0:06:23]} Qxe5 {[%emt 0:01:56]} 17. Rb3 {[%emt 0:00:14]} Nf6 {[%emt 0:06:02]} 18. Bxf5 {[%emt 0:13:06]} Qxe2 {[%emt 0:00:12]} 19. Qxe2 {[%emt 0:00:04]} Rxe2 {[%emt 0:00:07]} 20. Bd3 {[%emt 0:00:54]} Re7 {[%emt 0:00:29]} 21. Bg5 {[%emt 0:00:24]} Rae8 {[%emt 0:02:57]} 22. a5 {[%emt 0:05:10]} Rd7 {[%emt 0:05:20]} 23. Be3 {[%emt 0:01:11]} Ne4 {[%emt 0:03:44]} 24. g4 {[%emt 0:00:35]} hxg4 {[%emt 0:00:28]} 25. hxg4 {[%emt 0:00:07]} Bd4 {[%emt 0:03:39]} 26. Bxd4 {[%emt 0:00:54]} Nd2 {[%emt 0:00:18]} 27. Bc3 {[%emt 0:01:05]} Nxb3 {[%emt 0:00:36]} 28. Bc2 {[%emt 0:00:05]} Nd4 {[%emt 0:01:20]} 29. Bxd4 {[%emt 0:00:14]} cxd4 {[%emt 0:02:14]} 30. Ba4 {[%emt 0:00:11]} Rde7 {[%emt 0:00:31]} 31. Bxe8 {[%emt 0:00:09]} Rxe8 {[%emt 0:00:03]} 32. Rd1 {[%emt 0:00:10]} Re4 {[%emt 0:01:09]} 33. f3 {[%emt 0:01:24]} Rf4 {[%emt 0:00:47]} 34. Kf2 {[%emt 0:03:33]} g5 {[%emt 0:01:21]} 35. b3 {[%emt 0:11:19]} Kg7 {[%emt 0:02:02]} 36. Re1 {[%emt 0:02:43]} Kf8 $18 {[%emt 0:04:51]} ({Black should try} 36... Kf6 $14) 37. Re2 {[%emt 0:01:38]} f6 {[%emt 0:12:08]} 38. Re4 {[%emt 0:01:28]} 1-0

[Event "Mukachevo IM May 2019"]
[Site "Mukachevo"]
[Date "2019.05.09"]
[Round "1.2"]
[White "Martynyuk, Elizaveta"]
[Black "Tiba, Vladyslav"]
[Result "1-0"]
[WhiteElo "2141"]
[BlackElo "2370"]
[Annotator "NA"]
[PlyCount "56"]
[EventDate "2019.05.09"]
[EventType "tourn"]
[EventCountry "UKR"]
[SourceTitle "playchess.com"]
[Source "ChessBase"]
[SourceQuality "1"]
[TimeControl "40/5400+30:900+30"]

1. e4 {[%emt 0:04:14]} c5 {[%emt 0:00:00]} 2. Nf3 {[%emt 0:00:22]} e6 {[%emt 0:00:00]} 3. d4 {[%emt 0:00:06]} cxd4 {[%emt 0:00:00]} 4. Nxd4 {[%emt 0:00:05]} a6 {[%emt 0:00:07]} 5. Bd3 {[%emt 0:00:04]} Bc5 {[%emt 0:00:47]} 6. Nb3 {[%emt 0:00:14]} Be7 {[%emt 0:00:11]} 7. Qg4 {[%emt 0:00:08]} g6 {[%emt 0:00:06]} 8. Nc3 {[%emt 0:01:13]} d6 {[%emt 0:00:35]} 9. O-O {[%emt 0:05:40]} Nd7 {[%emt 0:01:25]} 10. Qe2 {[%emt 0:00:11]} Qc7 {[%emt 0:00:21]} 11. a4 {[%emt 0:02:15]} b6 {[%emt 0:04:21]} 12. Be3 {[%emt 0:06:01]} Bb7 {[%emt 0:02:04]} 13. f4 {[%emt 0:04:45]} Ngf6 {[%emt 0:05:02]} 14. f5 {[%emt 0:13:24]} gxf5 {[%emt 0:00:27]} 15. exf5 {[%emt 0:00:33]} e5 {[%emt 0:00:07]} 16. Bf2 {[%emt 0:04:24]} Rg8 {[%emt 0:10:05]} 17. Bg3 {[%emt 0:00:31]} h5 {[%emt 0:03:27]} 18. Be4 {[%emt 0:04:32]} Nxe4 {[%emt 0:08:12]} 19. Nxe4 {[%emt 0:00:09]} Nf6 {[%emt 0:05:38]} 20. Nbd2 {[%emt 0:07:58]} h4 {[%emt 0:02:16]} 21. Nxf6+ {[%emt 0:00:23]} Bxf6 {[%emt 0:00:05]} 22. Ne4 {[%emt 0:00:17]} Bxe4 {[%emt 0:03:12]} 23. Qxe4 {[%emt 0:00:09]} d5 {[%emt 0:00:06]} 24. Qxd5 {[%emt 0:01:28]} Rd8 {[%emt 0:00:05]} 25. Bxe5 {[%emt 0:00:13]} Qxe5 {[%emt 0:03:10]} 26. Qc6+ {[%emt 0:02:24]} Kf8 {[%emt 0:00:10]} 27. Qxb6 {[%emt 0:02:23]} h3 {[%emt 0:01:09]} 28. Qb4+ {[%emt 0:14:30]} Be7 {[%emt 0:00:17]} 1-0

[Event "Mukachevo IM May 2019"]
[Site "Mukachevo"]
[Date "2019.05.09"]
[Round "1.3"]
[White "Itkis, Boris"]
[Black "Larkin, Vladyslav"]
[Result "1/2-1/2"]
[WhiteElo "2327"]
[BlackElo "2366"]
[Annotator "NA"]
[PlyCount "59"]
[EventDate "2019.05.09"]
[EventType "tourn"]
[EventCountry "UKR"]
[SourceTitle "playchess.com"]
[Source "ChessBase"]
[SourceQuality "1"]
[TimeControl "40/5400+30:900+30"]

1. Nf3 {[%emt 0:00:00]} Nf6 {[%emt 0:00:00]} 2. c4 {[%emt 0:00:00]} c6 {[%emt 0:00:01]} 3. Nc3 {[%emt 0:01:17]} d5 {[%emt 0:00:13]} 4. e3 {[%emt 0:00:12]} e6 {[%emt 0:02:12]} 5. d4 {[%emt 0:02:03]} Nbd7 {[%emt 0:00:06]} 6. Qc2 {[%emt 0:00:08]} Bd6 {[%emt 0:00:45]} 7. Bd3 {[%emt 0:00:22]} Qe7 {[%emt 0:06:56]} 8. O-O {[%emt 0:00:30]} dxc4 {[%emt 0:02:01]} 9. Bxc4 {[%emt 0:00:07]} O-O {[%emt 0:00:03]} 10. h3 {[%emt 0:02:30]} e5 {[%emt 0:05:47]} 11. a3 {[%emt 0:04:16]} e4 {[%emt 0:05:16] D46: Semi-Slav: 5 e3 Nbd7 6 Bd3, Black avoids the Meran} (11... b5 12. Ba2 Bb7 13. Bd2 a5 14. Ng5 Kh8 15. Rad1 b4 16. Nce4 Nxe4 17. Nxe4 bxa3 18. Nxd6 Qxd6 19. dxe5 Nxe5 {1-0 (43) Jakovenko,D (2735)-Adly,A (2626) St Petersburg 2018}) 12. Ng5 {[%emt 0:02:56]} Nb6 {[%emt 0:00:11]} 13. Ba2 {[%emt 0:00:01]} Bf5 {[%emt 0:00:44]} 14. f3 {[%emt 0:00:21]} Bg6 {[%emt 0:06:36]} 15. Ngxe4 {[%emt 0:03:56]} Nxe4 {[%emt 0:01:06]} 16. fxe4 {[%emt 0:00:26]} Rae8 {[%emt 0:00:05]} 17. Bd2 {[%emt 0:09:15]} Bxe4 $146 {[%emt 0:03:58]} ({Predecessor:} 17... Nd5 18. Nxd5 cxd5 19. Bxd5 Bxe4 20. Bxe4 Qxe4 21. Qxe4 Rxe4 {1-0 (73) Murugan,K (2430)-Knox,V (2315) Dundee 1993}) 18. Nxe4 {[%emt 0:00:08]} Qxe4 {[%emt 0:00:04]} 19. Qxe4 {[%emt 0:00:08]} Rxe4 {[%emt 0:00:06]} 20. Rf3 {[%emt 0:00:10]} Re7 $11 {[%emt 0:03:46]} 21. Raf1 {[%emt 0:04:19]} Nd5 {[%emt 0:02:26]} 22. Bxd5 {[%emt 0:12:20]} cxd5 {[%emt 0:00:10]} 23. Rc1 {[%emt 0:00:04]} Rc7 {[%emt 0:00:19]} 24. Rxc7 {[%emt 0:00:15]} Bxc7 {[%emt 0:00:05]} 25. Rf1 {[%emt 0:00:07]} Rd8 {[%emt 0:00:06]} 26. Rc1 {[%emt 0:00:07]} Rd7 {[%emt 0:00:12]} 27. Kf2 {[%emt 0:00:26]} f6 {[%emt 0:00:07]} 28. Ke2 {[%emt 0:00:13]} Kf7 {[%emt 0:00:04]} 29. Kd3 {[%emt 0:00:05]} Ke6 {[%emt 0:02:28]} 30. a4 {[%emt 0:00:23] Ke5 Ke4+} 1/2-1/2

[Event "Mukachevo IM May 2019"]
[Site "Mukachevo"]
[Date "2019.05.09"]
[Round "1.4"]
[White "Shkuran, Danylo"]
[Black "Oros, Robert"]
[Result "1/2-1/2"]
[WhiteElo "2357"]
[BlackElo "2316"]
[Annotator "NA"]
[PlyCount "63"]
[EventDate "2019.05.09"]
[EventType "tourn"]
[EventCountry "UKR"]
[SourceTitle "playchess.com"]
[Source "ChessBase"]
[SourceQuality "1"]
[TimeControl "40/5400+30:900+30"]

1. e4 {[%emt 0:00:00]} c6 {[%emt 0:00:00]} 2. d4 {[%emt 0:00:00]} d5 {[%emt 0:00:00]} 3. Nc3 {[%emt 0:00:00]} dxe4 {[%emt 0:00:02]} 4. Nxe4 {[%emt 0:00:00]} Bf5 {[%emt 0:00:16]} 5. Ng3 {[%emt 0:00:01]} Bg6 {[%emt 0:00:16]} 6. Nf3 {[%emt 0:00:10]} Nd7 {[%emt 0:00:09]} 7. h4 {[%emt 0:00:11]} h6 {[%emt 0:00:09]} 8. h5 {[%emt 0:00:11]} Bh7 {[%emt 0:00:05]} 9. Bd3 {[%emt 0:00:09]} Bxd3 {[%emt 0:00:09]} 10. Qxd3 {[%emt 0:00:04]} Ngf6 {[%emt 0:00:25]} 11. Bd2 {[%emt 0:01:10]} e6 {[%emt 0:00:40]} 12. O-O-O {[%emt 0:01:25]} Qc7 {[%emt 0:00:53]} 13. Ne4 {[%emt 0:00:53]} Nxe4 {[%emt 0:00:52]} 14. Qxe4 {[%emt 0:00:05]} O-O-O {[%emt 0:00:37]} 15. Bf4 {[%emt 0:02:35] B19: Classical Caro-Kann: 4...Bf5 main line} (15. Kb1 Nf6 16. Qe2 Bd6 17. c4 Rhe8 18. Bc3 Ng4 19. Ne1 f5 20. Nd3 Nf6 21. f3 Qf7 22. g4 g6 23. Ne5 Bxe5 24. dxe5 {1-0 (45) Kovalev,A (2526)-Sulskis,S (2547) Vilnius 2015}) 15... Bd6 {[%emt 0:00:14]} 16. Bxd6 {[%emt 0:00:16]} Qxd6 {[%emt 0:00:05]} 17. Ne5 {[%emt 0:01:26]} Nxe5 {[%emt 0:01:55]} 18. dxe5 {[%emt 0:00:45]} Qc7 {[%emt 0:01:57]} 19. f4 $146 {[%emt 0:04:38]} ({Predecessor:} 19. c4 Rxd1+ 20. Rxd1 Rd8 21. Rxd8+ Qxd8 22. Kc2 Qa5 {½-½ (41) Dragovic,M (2390)-Markovic,D (2240) Yugoslavia 1994}) 19... Qa5 {[%emt 0:02:58]} 20. a3 {[%emt 0:00:46]} Rd5 {[%emt 0:01:07]} 21. Rxd5 {[%emt 0:00:25]} Qxd5 $11 {[%emt 0:08:41]} 22. Qxd5 {[%emt 0:02:17]} cxd5 {[%emt 0:00:09]} 23. Rh3 {[%emt 0:00:48]} Kd7 {[%emt 0:00:20]} 24. Rg3 {[%emt 0:00:30]} Rg8 {[%emt 0:00:06]} 25. Kd2 {[%emt 0:00:08]} Ke7 {[%emt 0:00:12]} 26. Rb3 {[%emt 0:00:13]} Rb8 {[%emt 0:00:11]} 27. Rc3 {[%emt 0:00:13]} Kd7 {[%emt 0:00:11]} 28. Rg3 {[%emt 0:00:27]} Rg8 {[%emt 0:00:09]} 29. Rb3 {[%emt 0:00:32]} Rb8 {[%emt 0:00:10]} 30. Rg3 {[%emt 0:00:12]} Rg8 {[%emt 0:00:07]} 31. Rb3 {[%emt 0:00:07]} Rb8 {[%emt 0:00:17]} 32. Rg3 {[%emt 0:00:09]} 1/2-1/2

[Event "Mukachevo IM May 2019"]
[Site "Mukachevo"]
[Date "2019.05.09"]
[Round "1.5"]
[White "Shankovskyi, Andrii"]
[Black "Ceres, Dragos"]
[Result "1-0"]
[WhiteElo "2374"]
[BlackElo "2317"]
[Annotator "NA"]
[PlyCount "83"]
[EventDate "2019.05.09"]
[EventType "tourn"]
[EventCountry "UKR"]
[SourceTitle "playchess.com"]
[Source "ChessBase"]
[SourceQuality "1"]
[TimeControl "40/5400+30:900+30"]

1. e4 {[%emt 0:00:00]} e6 {[%emt 0:00:00]} 2. d4 {[%emt 0:00:00]} d5 {[%emt 0:00:00]} 3. Nc3 {[%emt 0:00:00]} Nf6 {[%emt 0:00:00]} 4. Bg5 {[%emt 0:00:17]} dxe4 {[%emt 0:00:14]} 5. Nxe4 {[%emt 0:00:48]} Nbd7 {[%emt 0:00:21]} 6. Nf3 {[%emt 0:06:32]} Be7 {[%emt 0:00:14]} 7. Nxf6+ {[%emt 0:02:23]} Bxf6 {[%emt 0:00:18]} 8. Bxf6 {[%emt 0:01:33]} Nxf6 {[%emt 0:00:12]} 9. Bb5+ {[%emt 0:08:30]} c6 {[%emt 0:03:51]} 10. Bd3 {[%emt 0:00:42]} c5 {[%emt 0:08:26]} 11. Qd2 {[%emt 0:04:06]} cxd4 {[%emt 0:00:39]} 12. O-O-O {[%emt 0:00:42]} O-O {[%emt 0:00:20]} 13. Rhe1 $146 {[%emt 0:07:21] C13: French: Classical System: 4 Bg5 Be7, Alekhine-Chatard Attack} ({Predecessor:} 13. Nxd4 a6 14. f4 Qc7 15. Nf3 b5 16. Ne5 Bb7 17. Rhe1 Rfd8 18. Qe2 Bd5 19. Kb1 Qa5 20. b3 Bb7 21. Nxf7 {1-0 (35) Salewski,B (1993)-Towers,B (1805) Douglas 2017}) 13... Qb6 {[%emt 0:09:28]} 14. Nxd4 {[%emt 0:02:53]} Rd8 {[%emt 0:00:59]} 15. c3 {[%emt 0:06:39]} Bd7 {[%emt 0:10:05]} 16. Bc2 {[%emt 0:06:46]} Qa5 {[%emt 0:07:33]} 17. Kb1 {[%emt 0:02:40]} Ba4 {[%emt 0:07:00]} 18. Bxa4 {[%emt 0:06:54]} Qxa4 {[%emt 0:00:16]} 19. Qc2 {[%emt 0:00:02]} Qxc2+ {[%emt 0:09:30]} 20. Kxc2 {[%emt 0:00:12]} a6 {[%emt 0:04:18]} 21. f4 {[%emt 0:04:12]} g6 {[%emt 0:01:19]} 22. Nb3 {[%emt 0:05:23]} Rxd1 {[%emt 0:03:33]} 23. Rxd1 {[%emt 0:00:03]} Nd5 {[%emt 0:00:44]} 24. Rd4 {[%emt 0:03:11]} Ne3+ {[%emt 0:02:50]} 25. Kd3 {[%emt 0:00:02]} Nxg2 {[%emt 0:00:20]} 26. Ke4 {[%emt 0:00:03]} Rc8 {[%emt 0:06:35]} 27. Rd7 {[%emt 0:02:01]} b5 {[%emt 0:01:17]} 28. Nd4 {[%emt 0:03:36]} Rc4 {[%emt 0:05:27]} 29. a3 {[%emt 0:02:51]} Ra4 {[%emt 0:04:47]} 30. Ra7 {[%emt 0:05:42]} h6 {[%emt 0:04:01]} 31. Rb7 {[%emt 0:04:13]} Rc4 {[%emt 0:03:24]} 32. Ra7 {[%emt 0:00:27]} Ra4 {[%emt 0:00:09]} 33. b4 {[%emt 0:06:17]} Rxa3 {[%emt 0:02:04] [#]} 34. Nxb5 $1 {[%emt 0:00:02]} Ra1 {[%emt 0:01:16]} 35. Nd6 {[%emt 0:01:13]} Rf1 {[%emt 0:03:42]} (35... Re1+ $11 {keeps the balance.} 36. Kf3 Nh4+ 37. Kg4 Nf5 38. Nxf7 (38. Rxa6 h5+ 39. Kg5 Nxd6 $17) 38... Rc1) 36. Rxa6 {[%emt 0:01:42]} ({Worse is} 36. Rxf7 Re1+ 37. Kf3 Nh4+ 38. Kf2 Rd1 $11) 36... Rxf4+ {[%emt 0:00:10]} 37. Kd3 {[%emt 0:02:09]} Rf3+ {[%emt 0:00:11]} 38. Kd4 {[%emt 0:03:13]} e5+ {[%emt 0:02:25]} 39. Kc4 {[%emt 0:03:02]} Ne3+ {[%emt 0:00:42]} (39... Kf8 $16) 40. Kc5 {[%emt 0:00:00]} Nf5 {[%emt 0:00:00]} 41. Ne4 $18 {[%emt 0:02:54]} Re3 {[%emt 0:01:12]} 42. b5 {[%emt 0:03:18]} 1-0

[Event "Mukachevo IM May 2019"]
[Site "Mukachevo"]
[Date "2019.05.10"]
[Round "2.1"]
[White "Tran, David"]
[Black "Ceres, Dragos"]
[Result "1-0"]
[WhiteElo "2070"]
[BlackElo "2317"]
[Annotator "NA"]
[PlyCount "111"]
[EventDate "2019.05.09"]
[EventType "tourn"]
[EventCountry "UKR"]
[SourceTitle "playchess.com"]
[Source "ChessBase"]
[SourceQuality "1"]
[TimeControl "40/5400+30:900+30"]

{[%evp 11,106,23,28,34,30,32,30,-16,-25,-12,32767,-15,-15,-25,-14,-16,-12,-11,-6,-9,0,-20,-7,-14,12,10,26,16,77,64,254,18,54,38,79,87,99,85,135,71,169,172,177,32767,151,160,190,32767,32767,32767,32767,32767,204,203,383,354,350,418,353,355,382,32767,405,368,364,32767,32767,32767,32767,32767,32767,429,456,407,433,441,32767,32767,32767,32767,32767,32767,32767,578,6434,591,351,6650,565,5398,32767,32767,32767,32767,32767,29962,29962]} 1. e4 {[%emt 0:00:00]} e5 {[%emt 0:00:00]} 2. Nf3 {[%emt 0:00:00]} Nc6 {[%emt 0:00:00]} 3. Bb5 {[%emt 0:00:00]} a6 {[%emt 0:00:00]} 4. Ba4 {[%emt 0:00:00]} b5 {[%emt 0:00:12]} 5. Bb3 {[%emt 0:00:00]} g6 {[%emt 0:00:05]} (5... Na5 6. O-O d6 7. d4 exd4 8. Nxd4 Bb7 9. Nf3 Be7 10. Nc3 Nf6 11. Re1 O-O 12. Bg5 h6 13. Bh4 c5 14. Bxf6 Bxf6 15. Bd5 Bxd5 16. Qxd5 Nc4 {1-0 (42) Alekseenko,K (2637)-Vallejo Pons,F (2698) chess.com INT 2019}) 6. a4 {[%emt 0:04:56] C70: Ruy Lopez: 3...a6 4 Ba4, Norwegian and Delayed Schliemann} b4 {[%emt 0:00:11]} 7. c3 {[%emt 0:02:55]} Bg7 {[%emt 0:00:12]} 8. O-O $146 {[%emt 0:03:37]} ({Predecessor:} 8. d4 bxc3 9. bxc3 exd4 10. cxd4 Nge7 11. Nc3 O-O 12. O-O d6 13. h3 {1-0 (39) Palac,M (2548)-Bosiocic,M (2591) Bled 2018}) 8... Nge7 {[%emt 0:01:28]} 9. cxb4 {[%emt 0:01:38]} Rb8 {[%emt 0:00:36]} 10. b5 {[%emt 0:01:24]} axb5 {[%emt 0:02:11]} 11. axb5 {[%emt 0:00:10]} Rxb5 {[%emt 0:00:48]} 12. Nc3 {[%emt 0:00:21]} Rb8 {[%emt 0:00:24]} 13. d3 {[%emt 0:03:40]} O-O {[%emt 0:00:31]} 14. Nd5 {[%emt 0:03:29]} Nxd5 {[%emt 0:00:58]} 15. Bxd5 {[%emt 0:01:49]} Nb4 {[%emt 0:02:32]} 16. Bc4 {[%emt 0:00:10]} c6 {[%emt 0:14:08]} 17. Bg5 {[%emt 0:02:10]} Qe8 {[%emt 0:00:22]} 18. Ra7 {[%emt 0:00:25]} h6 {[%emt 0:07:06]} 19. Bd2 {[%emt 0:01:05]} Kh7 {[%emt 0:09:31]} (19... c5 $11 {keeps the balance.}) 20. Qa4 {[%emt 0:03:01]} Qe7 $2 {[%emt 0:07:13] [#]} (20... c5 $1 $14) 21. Ra8 $2 {[%emt 0:13:01]} ({Only move:} 21. Qa5 $1 $18) 21... Rxa8 {[%emt 0:00:39]} 22. Qxa8 {[%emt 0:00:10]} c5 {[%emt 0:05:36]} 23. Qa7 {[%emt 0:00:29]} Nc6 {[%emt 0:03:22]} 24. Qc7 {[%emt 0:02:42]} Rd8 {[%emt 0:10:36]} (24... f5 $14) 25. Bb5 {[%emt 0:01:11]} (25. Bd5 $142 Re8 26. Qb6) 25... Nd4 {[%emt 0:08:39]} (25... Re8 $16) 26. Nxd4 {[%emt 0:00:16]} exd4 {[%emt 0:00:14]} 27. Bf4 {[%emt 0:01:08]} Bf8 {[%emt 0:00:36]} 28. Bd6 $1 {[%emt 0:03:04]} Qf6 {[%emt 0:00:33]} 29. Bxf8 {[%emt 0:00:50]} Rxf8 {[%emt 0:00:10]} 30. Qxc5 {[%emt 0:00:08]} d6 {[%emt 0:00:04]} 31. Qc7 {[%emt 0:00:57]} Bh3 {[%emt 0:02:49]} (31... Qg5 $16 {was necessary.} 32. Qxd6 {[%mdl 64] Double Attack} Bh3) 32. f4 {[%emt 0:01:14]} Rc8 $2 {[%emt 0:04:16] [#]} (32... Be6 {keeps fighting.} 33. Qxd6 Kg7) 33. Qb7 $1 {[%emt 0:00:36]} Bxg2 {[%emt 0:04:30]} 34. Kxg2 {[%emt 0:02:10]} ({Not} 34. Qxc8 Bxf1 35. Qg4 (35. Kxf1 Qxf4+ {[%mdl 64] Double Attack} 36. Ke1 Qh4+ 37. Kd2 Qg5+ {[%mdl 64] Double Attack} 38. Kc2 Qxb5 $11) 35... h5 $18) 34... Rc2+ {[%emt 0:00:07]} 35. Kg3 {[%emt 0:22:47]} Rxb2 {[%emt 0:07:22]} 36. Qd5 {[%emt 0:04:20]} g5 {[%emt 0:02:15]} 37. Bc4 {[%emt 0:01:06]} gxf4+ {[%emt 0:01:51]} 38. Rxf4 {[%emt 0:00:40]} Qg6+ {[%emt 0:00:10]} 39. Rg4 {[%emt 0:00:14]} Rg2+ {[%emt 0:00:11]} 40. Kxg2 {[%emt 0:00:00]} Qxg4+ {[%emt 0:00:00]} 41. Kf2 {[%emt 0:00:41]} Qh4+ {[%emt 0:01:48]} 42. Kf1 {[%emt 0:03:01]} Qf4+ {[%emt 0:01:11] [#]} 43. Ke2 $1 {[%emt 0:02:36]} Qxh2+ {[%emt 0:02:48]} 44. Kd1 {[%emt 0:00:07]} Qg1+ {[%emt 0:00:10]} 45. Kc2 {[%emt 0:00:05]} Qf2+ {[%emt 0:00:10]} 46. Kb3 {[%emt 0:00:05]} Kg7 {[%emt 0:00:11]} 47. Qf5 {[%emt 0:00:47]} Qxf5 {[%emt 0:01:16]} 48. exf5 {[%emt 0:00:06]} Kf6 {[%emt 0:02:29]} 49. Bd5 {[%emt 0:00:46]} Kxf5 {[%emt 0:01:51]} 50. Bxf7 {[%emt 0:00:07]} Kf4 {[%emt 0:00:11]} 51. Kc4 {[%emt 0:01:00]} Ke3 {[%emt 0:00:07]} 52. Bd5 {[%emt 0:00:22]} h5 {[%emt 0:00:14]} 53. Ba8 {[%emt 0:00:26]} h4 {[%emt 0:00:39]} 54. Bb7 {[%emt 0:00:29]} h3 {[%emt 0:00:08]} 55. Ba8 {[%emt 0:00:21]} h2 {[%emt 0:00:41]} 56. Be4 {[%emt 0:00:09]} 1-0

[Event "Mukachevo IM May 2019"]
[Site "Mukachevo"]
[Date "2019.05.10"]
[Round "2.2"]
[White "Oros, Robert"]
[Black "Shankovskyi, Andrii"]
[Result "1/2-1/2"]
[WhiteElo "2316"]
[BlackElo "2374"]
[Annotator "TA"]
[PlyCount "85"]
[EventDate "2019.05.09"]
[EventType "tourn"]
[EventCountry "UKR"]
[SourceTitle "playchess.com"]
[Source "ChessBase"]
[SourceQuality "1"]

{[%evp 9,85,0,2,-7,0,-11,-18,-38,-31,-32,-22,-26,-20,-50,-20,-37,-8,-24,-18,-29,-35,-38,-34,-37,-33,-29,-19,-29,-31,-32,-5,-37,-24,-48,-54,-52,-40,-92,-71,-91,-60,-47,-54,-105,-81,-78,-60,-52,-40,-104,-104,-98,-27,-33,-16,-19,-16,-56,0,0,15,0,0,0,0,0,0,0,0,0,0,0,0,0,0,0,0,0]} 1. e4 e5 2. Bc4 Nc6 3. Nc3 Nf6 4. d3 Na5 5. Nge2 Bc5 6. O-O {C28: Vienna Game: 2...Nf6 3 Bc4 Nc6} a6 (6... O-O 7. Ng3 h6 8. h3 d6 9. Bb3 c6 10. Na4 Nxb3 11. axb3 Bb4 12. Bd2 Bxd2 13. Qxd2 d5 {0-1 (40) Naiditsch,A (2702)-Caruana,F (2817) Karlsruhe/Baden-Baden 2017}) 7. Bd5 $146 ({Predecessor:} 7. a3 Nxc4 8. dxc4 d6 9. Ng3 Be6 10. Qd3 Qd7 11. Nd5 Ng8 12. Nh5 f6 13. b4 Ba7 {½-½ (34) Perez,A (2156)-Varacalli,F (2326) Buenos Aires 2018}) 7... c6 8. a3 cxd5 9. exd5 d6 10. b4 Ba7 11. Be3 O-O 12. Qd2 b5 {Threatens to win with ...Nb7.} 13. bxa5 Bb7 14. a4 b4 15. Na2 Nxd5 16. Bxa7 Rxa7 17. Nxb4 Qxa5 18. Rfb1 Ba8 19. c4 Nf6 20. Nc3 Rb7 21. Nba2 Rfb8 22. Rxb7 Rxb7 23. Qc2 (23. d4 $15) 23... h6 $17 24. Rb1 Qc5 25. Rxb7 Bxb7 26. Qe2 ({Better is} 26. Qb1 $15 Qc6 27. f3) 26... Qc6 {[%csl Gb7][%cal Rc6g2]} (26... Nd7 {with more complications.} 27. Qc2 Qb6 28. Nc1 Nc5 29. h3 Bc6) 27. f3 Qb6+ 28. Qf2 Qb3 29. Qa7 (29. a5 $15) 29... Nd7 30. h3 {[#]} g6 ({Black should play} 30... Kh7 $1 $17 {And now ...Nc5 would win.} 31. Qe3 Nc5) 31. a5 Kg7 32. d4 h5 33. Kh2 Qb2 (33... h4 $15) 34. d5 $11 {The position is equal.} Nf6 35. Qb8 {[#]} e4 $1 {[%mdl 576] Decoy} 36. fxe4 (36. Nxe4 Nxe4) 36... Nxe4 37. Nxe4 Qe5+ {[%mdl 64] Double Attack} 38. Kh1 ({Don't go for} 38. Ng3 $2 h4 $19) 38... Qxe4 39. Qxb7 {Strongly threatening Qb2+.} Qe1+ {[%mdl 64] Double Attack} 40. Kh2 {Black must now prevent Qb2+.} Qe5+ 41. Kg1 {aiming for Qb3.} Qe1+ 42. Kh2 {Qb2+ is the strong threat.} Qe5+ 43. Kg1 {Accuracy: White = 31%, Black = 57%.} 1/2-1/2

[Event "Mukachevo IM May 2019"]
[Site "Mukachevo"]
[Date "2019.05.10"]
[Round "2.3"]
[White "Larkin, Vladyslav"]
[Black "Shkuran, Danylo"]
[Result "1-0"]
[WhiteElo "2366"]
[BlackElo "2357"]
[Annotator "TA"]
[PlyCount "29"]
[EventDate "2019.05.09"]
[EventType "tourn"]
[EventCountry "UKR"]
[SourceTitle "playchess.com"]
[Source "ChessBase"]
[SourceQuality "1"]

{[%evp 9,47,-4,3,-8,22,0,0,-9,-4,-20,-17,-23,0,1,19,-14,0,0,67,49,64,55,67,37,245,229,354,339,366,372,365,281,288,274,272,289,304,286,610,601]} 1. d4 Nf6 2. Bf4 g6 3. e3 Bg7 4. h3 (4. Nf3 O-O 5. Be2 c5 6. c3 b6 7. O-O Bb7 8. Nbd2 d6 9. h3 Na6 10. Bh2 Nc7 11. a4 Ne4 12. Nxe4 Bxe4 13. Nd2 Bc6 14. b4 Qc8 15. b5 Bd5 16. a5 f5 17. Re1 {1-0 (53) Caruana,F (2816)-Aronian,L (2764) Leuven 2018}) 4... O-O 5. c3 d6 6. Nd2 {A45: Trompowsky Attack} Nfd7 7. Ngf3 e5 8. dxe5 {The position is equal.} dxe5 9. Bh2 Qe7 10. e4 b6 11. Bc4 $146 ({Predecessor:} 11. Bd3 Bb7 12. Qe2 Nc5 13. Bc2 Nbd7 14. O-O Rad8 {0-1 (27) Brunker,H-Khadilkar,J (2030) Luzern 1982}) 11... Kh8 12. Qe2 a6 13. a4 f5 ({Black should try} 13... a5 $11) 14. exf5 $14 gxf5 15. O-O {Played: Nf3-d4} 1-0